Česká republika a myšlenka evropské integrace Vystoupení premiéra Václava Klause při udělení Ceny Konrada Adenauera dne 21. 12. 1993

Nacionalizmus versus integrácia. Európa po Maastrichte. Česi a európska integrácia. Západná Európa a reformné krajiny. Výzva pre ČR a Európu.

Enregistré dans:
Détails bibliographiques
Auteur principal: Klaus, Václav
Format: Chapitre de livre
Langue:tchèque
Sujets:
Tags: Ajouter un tag
Pas de tags, Soyez le premier à ajouter un tag!

MARC

LEADER 00000naa a2200000 4500
001 r000209
005 20220405120851.4
041 0 |a cze 
044 |a SK 
245 1 0 |a Česká republika a myšlenka evropské integrace  |b Vystoupení premiéra Václava Klause při udělení Ceny Konrada Adenauera dne 21. 12. 1993  |c Václav Klaus 
520 |a Nacionalizmus versus integrácia. Európa po Maastrichte. Česi a európska integrácia. Západná Európa a reformné krajiny. Výzva pre ČR a Európu. 
610 2 0 |a integrácia ekonomická medzinárodná 
610 2 0 |a Európa 
610 2 0 |a Česko 
610 2 0 |a západná Európa 
610 2 0 |a reformy hospodárske 
100 1 |a Klaus, Václav